Catalog

Record Details

Catalog Search



This immortal heart : a novel of Aphrodite / ... Read More

Saint, Jennifer,(author., Author, Author).

Available copies

  • 1 of 2 copies available at LARL/NWRL Consortium.

Current holds

0 current holds with 2 total copies.

Show Only Available Copies
Location Call Number / Copy Notes Barcode Shelving Location Status Due Date
Fertile Public Library SAI (Text) 33500014416648 New Available -
Moorhead Public Library SAI (Text) 33500014416630 New Checked out 07/09/2026

Record details

  • ISBN: 9798217092307
  • Physical Description: 358 pages ; 24 cm
  • Edition: First U.S. edition.
  • Publisher: New York : Ballantine Books, 2026.

Content descriptions

Summary, etc.:
"From the moment Aphrodite emerges fully formed ... Read More
Subject: Aphrodite (Greek deity) > Fiction.
Ares (Greek deity) > Fiction.
Man-woman relationships > Fiction.
Goddesses, Greek > Fiction.
Gods, Greek > Fiction.
Genre: Mythological fiction.
Romance fiction.
Novels.
LDR 03364cam a22005298i 4500
001483928
003LARL_NWRL_CONSORTIUM
00520260615145840.0
008260330s2026 nyu 000 1 eng
007ta
010 . ‡a 2026016141
040 . ‡aDLC ‡beng ‡erda ‡cDLC ‡dOCLCO ‡dHEV ‡dGE2 ‡dOCLCO ‡dIDW
020 . ‡a9798217092307 ‡qhardcover
020 . ‡z9798217092314 ‡qebook
035 . ‡a(OCoLC)1582321113
042 . ‡apcc
1001 . ‡aSaint, Jennifer, ‡eauthor. ‡4aut ‡4http://id.loc.gov/vocabulary/relators/aut ‡1https://id.oclc.org/worldcat/entity/E39PCjK3phkMcyPtxwy8MVqXwK ‡1http://id.loc.gov/rwo/agents/n2020067111
24510. ‡aThis immortal heart : ‡ba novel of Aphrodite / ‡cJennifer Saint.
250 . ‡aFirst U.S. edition.
264 1. ‡aNew York : ‡bBallantine Books, ‡c2026.
300 . ‡a358 pages ; ‡c24 cm
334 . ‡asingle unit ‡bmono ‡0http://id.loc.gov/vocabulary/issuance/mono
336 . ‡atext ‡btxt ‡2rdacontent ‡0http://id.loc.gov/vocabulary/contentTypes/txt
337 . ‡aunmediated ‡bn ‡2rdamedia ‡0http://id.loc.gov/vocabulary/mediaTypes/n
338 . ‡avolume ‡bnc ‡2rdacarrier ‡0http://id.loc.gov/vocabulary/carriers/nc
520 . ‡a"From the moment Aphrodite emerges fully formed from the sea, she is devastatingly beautiful and imbued with ancient power. Driven by passion yet strategic in how she moves through the halls of Olympus and the earthly realm alike, the free-willed goddess wields unparalleled influence over every living being. When fate brings her face to face with Ares, she bristles at this surly, hot-tempered warrior who's seemingly her opposite: disliked by everyone and devoted to stirring up conflict. Yet these gods are no more immune to the dizzying highs and lows of love and loss than anyone else, and soon, they are irresistibly drawn to one another. As their love affair spans mortal lifetimes, Aphrodite begins to question the gods' games and her role in them. But there's only so much room for fire and passion in Zeus's kingdom. Before long, she must test her devotion to her own divine purpose--and to a love that can only lead to ruin."-- ‡cProvided by publisher.
60000. ‡aAphrodite ‡c(Greek deity) ‡vFiction. ‡1http://id.loc.gov/rwo/agents/no2014047558
60000. ‡aAres ‡c(Greek deity) ‡vFiction.
650 0. ‡aMan-woman relationships ‡vFiction. ‡0(LARL_NWRL_CONSORTIUM)165985
650 0. ‡aGoddesses, Greek ‡vFiction.
650 0. ‡aGods, Greek ‡vFiction.
655 7. ‡aMythological fiction. ‡2lcgft
655 7. ‡aRomance fiction. ‡2lcgft
655 7. ‡aNovels. ‡2lcgft
758 . ‡1http://id.loc.gov/resources/instances/in00024521323
758 . ‡4http://id.loc.gov/ontologies/bibframe/instanceOf ‡1http://id.loc.gov/resources/works/in00024521323
77608. ‡iOnline version ‡4http://id.loc.gov/entities/relationships/onlineversion ‡aSaint, Jennifer ‡tThis immortal heart ‡bFirst edition ‡dNew York : Ballantine Books, 2026 ‡z9798217092314 ‡w(DLC) 2026016142
884 . ‡aDLC bibframe2marc v3.1-dev ‡g20260330 ‡qDLC ‡uhttps://github.com/lcnetdev/bibframe2marc/tree/v3.1-dev
901 . ‡a483928 ‡bOCoLC ‡c483928 ‡tbiblio ‡soclc

Additional Resources